| 000 -CABECERA |
| Longitud fija campo de control |
01189nam a22002777a 4500 |
| 003 - IDENTIFICADOR DEL NÚMERO DE CONTROL |
| Identificador del número de control |
OSt |
| 005 - FECHA Y HORA DE LA ÚLTIMA TRANSACCIÓN |
| Fecha y hora de la última transacción |
20240912161543.0 |
| 008 - CÓDIGOS DE INFORMACIÓN DE LONGITUD FIJA |
| Códigos de información de longitud fija |
180118s2017 spca l0|0 0 cat|d |
| 017 ## - NÚMERO DE COPYRIGHT O DE DEPÓSITO LEGAL |
| Número de copyright o de depósito legal |
DL B 19284 2017 |
| Agencia que asigna el número |
Biblioteca de Catalunya |
| 020 ## - NÚMERO INTERNACIONAL NORMALIZADO PARA LIBROS |
| Número Internacional Normalizado para Libros (ISBN) |
9788491560135 |
| 040 ## - FUENTE DE LA CATALOGACIÓN |
| Centro catalogador de origen |
ES-BaAHC |
| Centro transcriptor |
CDMR |
| Lengua de catalogación |
cat |
| 041 0# - CÓDIGO DE LENGUA |
| Código de lengua del texto/banda sonora o título independiente |
cat |
| 100 1# - PUNTO DE ACCESO PRINCIPAL-NOMBRE DE PERSONA |
| Nombre de persona |
Fabre, Jaume |
| Fechas asociadas al nombre |
1948-, |
| 9 (RLIN) |
229 |
| 245 10 - MENCIÓN DE TÍTULO |
| Título |
Periodistes, malgrat tot |
| Resto del título |
: 1939-1966 : la dificultat d'informar sota el franquisme a Barcelona : resistents, possibilistes i col·laboracionistes / |
| Mención de responsabilidad, etc. |
Jaume Fabre ; documentació: Néstor Bogajo ; pròleg: Borja de Riquer |
| 260 ## - PUBLICACIÓN, DISTRIBUCIÓN, ETC. (PIE DE IMPRENTA) |
| Lugar de publicación, distribución, etc. |
Barcelona : |
| Nombre del editor, distribuidor, etc. |
Ajuntament de Barcelona, |
| Fecha de publicación, distribución, etc. |
2017 |
| 300 ## - DESCRIPCIÓN FÍSICA |
| Extensión |
409 pàgines : |
| Otras características físicas |
il·lustracions, fotografies ; |
| Dimensiones |
26 cm |
| 500 ## - NOTA GENERAL |
| Nota general |
Inclou informació sobre María Luz Morales (entre d'altres) |
| 650 04 - PUNTO DE ACCESO ADICIONAL DE MATERIA - TÉRMINO DE MATERIA |
| Término de materia o nombre geográfico como elemento inicial |
Periodistes |
| Subdivisión geográfica |
Catalunya |
| -- |
Barcelona |
| Subdivisión cronológica |
S. XX |
| 9 (RLIN) |
2400 |
| 650 04 - PUNTO DE ACCESO ADICIONAL DE MATERIA - TÉRMINO DE MATERIA |
| Término de materia o nombre geográfico como elemento inicial |
Periodisme |
| Subdivisión geográfica |
Catalunya |
| -- |
Barcelona |
| Subdivisión cronológica |
S. XX |
| 9 (RLIN) |
3172 |
| 650 20 - PUNTO DE ACCESO ADICIONAL DE MATERIA - TÉRMINO DE MATERIA |
| Término de materia o nombre geográfico como elemento inicial |
Premsa |
| Subdivisión geográfica |
Catalunya |
| -- |
Barcelona |
| Subdivisión cronológica |
S. XX |
| 9 (RLIN) |
195 |
| 650 #4 - PUNTO DE ACCESO ADICIONAL DE MATERIA - TÉRMINO DE MATERIA |
| Término de materia o nombre geográfico como elemento inicial |
Franquisme |
| Subdivisión geográfica |
Catalunya |
| -- |
Barcelona |
| 700 1# - PUNTO DE ACCESO ADICIONAL - NOMBRE DE PERSONA |
| Nombre de persona |
Bogajo, Néstor, |
| 700 1# - PUNTO DE ACCESO ADICIONAL - NOMBRE DE PERSONA |
| Nombre de persona |
Riquer i Permanyer, Borja de, |
| Fechas asociadas al nombre |
1945-, |
| 710 1# - PUNTO DE ACCESO ADICIONAL - NOMBRE DE ENTIDAD |
| Nombre de entidad o nombre de jurisdicción como elemento inicial |
Barcelona |
| Unidad subordinada |
-- Ajuntament |
| Término indicativo de función |
entitat editora |
| 9 (RLIN) |
2829 |
| 942 ## - ENTRADA DE ELEMENTOS AGREGADOS (KOHA) |
| Koha [por defecto] tipo de item |
Monografies |
| Fuente de clasificaión o esquema |
|